<?xml version="1.0" encoding="UTF-8"?><?xml-stylesheet type="text/xsl" href="static/style.xsl"?><OAI-PMH xmlns="http://www.openarchives.org/OAI/2.0/" xmlns:xsi="http://www.w3.org/2001/XMLSchema-instance" xsi:schemaLocation="http://www.openarchives.org/OAI/2.0/ http://www.openarchives.org/OAI/2.0/OAI-PMH.xsd"><responseDate>2026-04-17T14:37:56Z</responseDate><request verb="GetRecord" identifier="oai:www.recercat.cat:2072/425081" metadataPrefix="marc">https://recercat.cat/oai/request</request><GetRecord><record><header><identifier>oai:recercat.cat:2072/425081</identifier><datestamp>2025-09-10T18:42:08Z</datestamp><setSpec>com_2072_98</setSpec><setSpec>col_2072_378197</setSpec></header><metadata><record xmlns="http://www.loc.gov/MARC21/slim" xmlns:dcterms="http://purl.org/dc/terms/" xmlns:xsi="http://www.w3.org/2001/XMLSchema-instance" xmlns:doc="http://www.lyncode.com/xoai" xsi:schemaLocation="http://www.loc.gov/MARC21/slim http://www.loc.gov/standards/marcxml/schema/MARC21slim.xsd">
   <leader>00925njm 22002777a 4500</leader>
   <datafield ind2=" " ind1=" " tag="042">
      <subfield code="a">dc</subfield>
   </datafield>
   <datafield ind2=" " ind1=" " tag="720">
      <subfield code="a">Módenes Cabrerizo, Juan Antonio</subfield>
      <subfield code="e">author</subfield>
   </datafield>
   <datafield ind2=" " ind1=" " tag="260">
      <subfield code="c">2010</subfield>
   </datafield>
   <datafield ind2=" " ind1=" " tag="520">
      <subfield code="a">El treball fou presentat com a comunicació al XI Congreso de la Población Española: "Envejecimiento, Despoblación y Territorio", organitzat per l'Asociación de Geógrafos Españoles-Grupo de Población. León, del 18 al 20 de setembre de 2008.</subfield>
   </datafield>
   <datafield ind2=" " ind1=" " tag="520">
      <subfield code="a">En el marco interdisciplinario que explora los sistemas residenciales, utilizando variables demográficas y características de las viviendas, esta contribución se fija en la especificidad rural en España. Según nuestros resultados, existe un subsistema rural de vivienda, que se basa en la propiedad de la vivienda principal al igual que el urbano. Sin embargo, para ser propietario, los hogares rurales utilizan, con mayor frecuencia, las redes familiares (ayuda financiera, herencia, donaciones y cesiones) y dependen menos de la financiación externa. La forma en que las redes familiares han apoyado a los hogares define la diversidad regional existente en las zonas rurales. No obstante, se observa una convergencia gradual del subsistema rural hacia el modelo urbano.</subfield>
   </datafield>
   <datafield ind2=" " ind1=" " tag="520">
      <subfield code="a">En el marc interdisciplinari que explora els sistemes residencials, utilitzant variables demogràfiques i característiques dels habitatges, aquesta contribució es fixa en l'especificitat rural a Espanya. Segons els nostres resultats, existeix un subsistema rural d'habitatge, que es basa en la propietat de l'habitatge principal igual que l'urbà. No obstant això, per a ser propietari, les llars rurals utilitzen, amb major freqüència, les xarxes familiars (ajuda financera, herència, donacions i cessions) i menys sovint depenen del finançament extern. La manera com les xarxes familiars han donat suport a les llars defineix la diversitat regional existent en les zones rurals. Tanmateix, s'observa una convergència gradual del subsistema rural cap al model urbà.</subfield>
   </datafield>
   <datafield ind2=" " ind1=" " tag="520">
      <subfield code="a">Within the interdisciplinary framework that explores housing systems using demographic variables and housing stock features, this contribution addresses rural specificities in Spain. According to our results, a housing rural subsystem can be identified, which is based on home ownership as well as the urban one. However, rural households use family networks more frequently (financial help, inheritance, donations and cessions) and depend less often on external financing in order to be homeowners. The way how family networks have helped households defines the regional diversity existing at the rural scale. Nevertheless, a gradual convergence of the rural subsystem into an urban model has been identified.</subfield>
   </datafield>
   <datafield tag="653" ind2=" " ind1=" ">
      <subfield code="a">Población rural</subfield>
   </datafield>
   <datafield tag="653" ind2=" " ind1=" ">
      <subfield code="a">Sistema residencial</subfield>
   </datafield>
   <datafield tag="653" ind2=" " ind1=" ">
      <subfield code="a">Tipo de tenencia</subfield>
   </datafield>
   <datafield tag="653" ind2=" " ind1=" ">
      <subfield code="a">Diversidad territorial</subfield>
   </datafield>
   <datafield tag="653" ind2=" " ind1=" ">
      <subfield code="a">Censo de 2001</subfield>
   </datafield>
   <datafield tag="653" ind2=" " ind1=" ">
      <subfield code="a">España</subfield>
   </datafield>
   <datafield tag="653" ind2=" " ind1=" ">
      <subfield code="a">Població rural</subfield>
   </datafield>
   <datafield tag="653" ind2=" " ind1=" ">
      <subfield code="a">Sistema residencial</subfield>
   </datafield>
   <datafield tag="653" ind2=" " ind1=" ">
      <subfield code="a">Tipus de tinença</subfield>
   </datafield>
   <datafield tag="653" ind2=" " ind1=" ">
      <subfield code="a">Diversitat territorial</subfield>
   </datafield>
   <datafield tag="653" ind2=" " ind1=" ">
      <subfield code="a">Cens de 2001</subfield>
   </datafield>
   <datafield tag="653" ind2=" " ind1=" ">
      <subfield code="a">Espanya</subfield>
   </datafield>
   <datafield tag="653" ind2=" " ind1=" ">
      <subfield code="a">Rural population</subfield>
   </datafield>
   <datafield tag="653" ind2=" " ind1=" ">
      <subfield code="a">Housing System</subfield>
   </datafield>
   <datafield tag="653" ind2=" " ind1=" ">
      <subfield code="a">Tenure status</subfield>
   </datafield>
   <datafield tag="653" ind2=" " ind1=" ">
      <subfield code="a">Regional variations</subfield>
   </datafield>
   <datafield tag="653" ind2=" " ind1=" ">
      <subfield code="a">2001 Census</subfield>
   </datafield>
   <datafield tag="653" ind2=" " ind1=" ">
      <subfield code="a">Spain</subfield>
   </datafield>
   <datafield tag="653" ind2=" " ind1=" ">
      <subfield code="a">Population rurale</subfield>
   </datafield>
   <datafield tag="653" ind2=" " ind1=" ">
      <subfield code="a">Système résidentiel</subfield>
   </datafield>
   <datafield tag="653" ind2=" " ind1=" ">
      <subfield code="a">Statut du logement</subfield>
   </datafield>
   <datafield tag="653" ind2=" " ind1=" ">
      <subfield code="a">Diversité territoriale</subfield>
   </datafield>
   <datafield tag="653" ind2=" " ind1=" ">
      <subfield code="a">Cens 2001</subfield>
   </datafield>
   <datafield tag="653" ind2=" " ind1=" ">
      <subfield code="a">Espagne</subfield>
   </datafield>
   <datafield ind2="0" ind1="0" tag="245">
      <subfield code="a">La tenencia de la vivienda de la población rural española : un (sub)sistema residencial en transformación</subfield>
   </datafield>
</record></metadata></record></GetRecord></OAI-PMH>